Normal view
MARC view
Entry Geographic Name
001 - CONTROL NUMBER
- control field: 44707
003 - CONTROL NUMBER IDENTIFIER
- control field: dpl
005 - DATE AND TIME OF LATEST TRANSACTION
- control field: 20120403130431.0
008 - FIXED-LENGTH DATA ELEMENTS
- fixed length control field: 120403|||a|||||| | ||| d
040 ## - CATALOGING SOURCE
- Original cataloging agency: dpl
- Transcribing agency: dpl
151 ## - HEADING--GEOGRAPHIC NAME
- Geographic name: India
- General subdivision: Cultural policy.
670 ## - SOURCE DATA FOUND
- Source citation: Work cat.: (dpl): 44515, Re-use-the art and politics of integration and anxiety / , 2012
670 ## - SOURCE DATA FOUND
- Source citation: Work cat.: (dpl): 44515, Re-use-the art and politics of integration and anxiety / , 2012
